000 00773nam a2200217 4500
001 1192
005 20181127162853.0
010 0 0 _a
020 0 0 _a9789993676263
090 0 0 _a362.1 L688h 2011
100 0 0 _aLhamo, Namgay.
245 0 0 _aHealth-seeking behavior related to sowa rigpa in Bhutan /
_b
_cNamgay Lhamo.
_h
250 0 0 _a
260 0 0 _aThimphu :
_bNational Institute of Traditional Medicine, Royal University of Bhutan,
_c2011.
300 0 0 _a37 p. : col. ill.
500 0 0 _a"A study funded by World Health Organization (WHO)"
650 0 0 _aHealth attitudes --Bhutan.
_x
650 0 0 _aHealth behavior --Bhutan.
_x
650 0 0 _aTraditional medicine --Bhutan.
_x
710 _aNational Institute of Traditional Medicine, Royal University of Bhutan.
_b
_c
_d
_n
_o
_p
_r
_s
_t
999 _c838
_d838